Miasta graniczące z Warszawą - Statystyki

Ogólne statystyki
  • Ten quiz został rozwiązany 1 340 razy
  • Średni wynik to 4 z 8
Statystyki odpowiedzi
Liczba ludności Miasto % Poprawnych
32 146 Marki
74%
35 336 Ząbki
70%
16 056 Łomianki
55%
22 619 Piastów
50%
20 605 Józefów
45%
17 528 Zielonka
42%
19 481 Sulejówek
40%
17 191 Konstancin - Jeziorna
38%
Nie znaleziono quizów pasujących do podanych kryteriów
Rozkład punktacji
Procent ludzi z każdym wynikiem
Percentyl według liczby udzielonych odpowiedzi
Twoja historia wyników
Nie rozwiązałeś tego quizu